00562nam a2200157 a 450000100100000000500170001000800410002704000250006808200150009310000310010824500550013926000530019430000270024795201130027499900170038700003708320200930080129.0120210s1923 nyu 000 0 spa d aDO-SdBNPbspacBNPHU axxxbB985m1 aButler, Ralph Starr96349710aMarketing and merchandising /cRalph Starr Butler. aNew York :bAlexander Hamilton Institute,c1923. axxii, 363 p. ;c20 cm. 001050718MOaGRbGRcCTd2012-02-10iLF1l0oxxx B985mp37083-10r2020-06-25w2020-06-25y1ZNo se presta c36573d36573